PNL - Carrière - Statistiques

Statistiques générales
  • Ce quiz a été pris 518 fois
  • Le résultat moyen est 51 sur 73
Statistiques - réponses
Hint Réponse % Correct
12 Le M
98%
1 DA
91%
8 Deux frères
85%
2023 Gaza
85%
1 Au DD
84%
15 Onizuka
84%
1 Le monde ou rien
81%
2 Naha
81%
16 Jusqu'au dernier gramme
80%
14 Uranus
80%
1 Je vis je visser
78%
13 Bené
77%
5 J'suis QLF
77%
16 La misère est si belle
77%
2019 Tahia
77%
6 A l'ammoniaque
76%
3 Dans la légende
76%
6 PNL
76%
5 91's
75%
3 Chang
75%
6 J'suis PNL
74%
7 J'comprends pas
73%
2015 Lion
73%
7 Mexico
73%
21 Capuche
72%
2 Sur Paname
72%
12 Bambina
71%
4 Blanka
71%
8 Gala gala
70%
2 Lala
70%
3 Oh lala
70%
14 Zoulou tchaing
70%
2 Autre monde
69%
10 Coeurs
69%
15 Déconnecté
69%
22 Frontières
69%
17 Ryuk
69%
11 Shenmue
69%
8 Luz de Luna
67%
10 Athéna (feat. N Dirty Deh & R.K.M & Ken-Y)
66%
7 Kratos
66%
13 Menace
66%
2019 MOWGLI II
66%
8 Porte de Mesrine
66%
19 Sibérie
66%
12 Simba
66%
16 Tempête
66%
20 Bang
65%
3 Différents
65%
11 Humain
65%
18 Je t'haine
65%
17 Cramés
64%
17 Dans la soucoupe
64%
9 Hasta la vista
64%
12 Kuta ubud
64%
4 Mira
64%
14 Plus Tony que Sosa
64%
6 La vie est belle
63%
15 Que la mif (feat. F430, Ilinas, Pti Moga & S-Pion)
63%
9 Dans ta rue
62%
5 De la fenêtre au ter ter (feat. Bizon, Illinas & S-Pion)
62%
13 Rebenga (feat. R.K.M & Ken-Y)
62%
10 Sheita
62%
18 Comme pas deux
61%
7 Celsius
60%
4 J'vends
60%
11 Recherche du bonheur
60%
9 Tu sais pas
60%
9 La petite voix
58%
5 Abonné
56%
4 Obligés de prendre
56%
10 Laisse
53%
11 Loin des hommes
52%
Aucun quiz correspondant
Distribution des résultats
% des personnes avec chaque résultat
Percentile par nombre de réponses
Votre historique - résultats
Vous n’avez pas pris ce quiz